000
00276nam a2200109Ia 4500
008
220204s9999 xx 000 0 und d
082
_a
339.737(73)
_b
EIN
100
_a
EINZIG, Paul
245
0
_a
Foreign dollar loans in Europe
260
_a
London
_b
Macmillan
_c
1965
942
_c
BK
999
_c
31793
_d
31793